Mr Beast quiz - Statistics

General Stats
  • This quiz has been taken 219 times
    218 since last reset
  • The average score is 2 of 5
Answer Stats
Question Answer % Correct
Which name is in Mr Beast videos? Karl
94%
How old is Mr Beast? 25
62%
How many subscribers does Mr beast have? 234M
51%
How many videos does Mr Beast have? 742
22%
Does Mr Beast have the most subscribers? no
9%
No matching quizzes found
Score Distribution
Percent of People with Each Score
Percentile by Number Answered
Your Score History
You have not taken this quiz since the last reset